00570cam a22002171 4500001001300000003000400013005001700017008004100034010001700075035002000092040001800112042001200130050001500142100002100157245004900178250001500227260003700242300001800279490004200297650001300339sa 68011849 DLC20260227112605.0890127s1965 io 000 0 ind  asa 68011849  a(OCoLC)23538356 aDLCcMiUdDLC apremarc00aHQ31b.H361 aHassan, ʻAbbas.10aBeginilah tjara bersuami [oleh] Abbashassan. a[Tjet, 1.] aDjakarta,bBakti Pustakac[1965] a96 p.c18 cm.0 aSeri hidangan rohani dan budi pekerti 0aMarriage